| 000 | 00445nam a2200157Ia 4500 | ||
|---|---|---|---|
| 003 | LK-CoDNM | ||
| 008 | 010623t1921 xxu||||| |||| 00| 1 eng d | ||
| 040 |
_aLK-CoDNM _dLK-CoDNM _eLK-CoDNM |
||
| 041 | _aeng | ||
| 080 |
_a50 _bC12 |
||
| 245 | _aUnder the Palms : Wesleyan Mission north Ceylon District report for 1921 | ||
| 260 |
_bBoys Industrial Home _aWellawaththa _c1921 |
||
| 300 | _b67P,2ill., 20 cm | ||
| 650 | _aChristianity | ||
| 942 | _cBK | ||
| 999 |
_c90590 _d90590 |
||